El nuevo proceso penal chileno

Enregistré dans:
Détails bibliographiques
Auteur principal: Quezada Meléndez, José (autor)
Format: Livre
Langue:espagnol
Publié: Santiago Ediar Cono Sur 1991
Sujets:
Tags: Ajouter un tag
Pas de tags, Soyez le premier à ajouter un tag!

MARC

LEADER 00000nam a2200000 a 4500
001 UCV2012
003 CL-VaPUC
008 910913e19910000CL |||||||||||||||||spa|d
082 0 4 |a 345.05  |b QUE  |2 21 
100 |a Quezada Meléndez, José  |e autor  |9 541932 
245 1 3 |a El nuevo proceso penal chileno 
300 |a 253 p 
942 |c BK 
945 |d 19910913 00:00:00  |a nfarias 
260 |a Santiago  |b Ediar Cono Sur  |c 1991 
650 0 |a Derecho procesal penal   |9 256392 
651 7 |a CHILE  |2 CL-VaPUC  |9 296193 
583 |a last modification  |c 19910913 00:00:00  |k Rodrigo Vera 
999 |c 209707  |d 209705 
952 |0 0  |1 0  |4 0  |6 345_050000000000000_QUE_1991  |7 0  |8 A  |9 185342  |a BIBDER  |b BIBDER  |d 2019-11-14  |i 2528525  |o 345.05 QUE 1991  |p 2528525  |r 2023-01-25  |w 2019-11-14  |y BK  |k DER